Detalles MARC
| 000 -ENCABEZADO |
| Número de control [NR] |
02833cam a2200421 i 4500 |
| 001 - NÚMERO DE CONTROL |
| control field |
2601378 |
| 003 - IDENTIFICADOR DE CONTROL NÚMERO |
| control field |
Co-BoUCM |
| 005 - FECHA Y HORA DE LA ÚLTIMA TRANSACCIÓN |
| control field |
20211105120909.0 |
| 008 - DE LONGITUD FIJA DE DATOS DE ELEMENTOS - INFORMACIÓN GENERAL |
| Elementos de longitud fija [NR] |
190805s1976 ctua b 001 0 eng d |
| 016 7# - NUMERO DE CONTROL DE AGENCIA BIBLIOGRAFICA NACIONAL [R] |
| Número de control [NR] |
030-00184 |
| Fuente [NR] |
uk |
| 020 ## - NUMERO INTERNACIONAL NORMALIZADO PARA LIBROS [R] |
| Número Internacional Normalizado del libro [NR] |
9780300022919 |
| 020 ## - NUMERO INTERNACIONAL NORMALIZADO PARA LIBROS [R] |
| ISBN Cancelado/ Invalidado [R] |
0300022913 |
| 020 ## - NUMERO INTERNACIONAL NORMALIZADO PARA LIBROS [R] |
| ISBN Cancelado/ Invalidado [R] |
9780300018448 |
| 020 ## - NUMERO INTERNACIONAL NORMALIZADO PARA LIBROS [R] |
| ISBN Cancelado/ Invalidado [R] |
0300018444 |
| 035 ## - NUMERO DE CONTROL DEL SISTEMA [R] |
| Número de control del sistema [NR] |
(OCoLC)2601378 |
| Numero Cancelado/no válido [R] |
(OCoLC)55960413 |
| -- |
(OCoLC)59780837 |
| 040 ## - FUENTE DE CATALOGACION [NR] |
| Agencia de catalogación original [NR] |
CO-BoUCM |
| Idioma de catalogación [NR] |
spa |
| Quien Cataloga |
Saul Niño |
| Quien Clasifica |
Saul Niño |
| 041 0# - CODIGO DE IDIOMA [R] |
| Código de idioma para texto/pista de sonido o título separado [R] |
Inglés |
| 084 ## - OTRO NUMERO DE CLASIFICACION [R] |
| Número clasificador [R] |
11.12 |
| Fuente del número [NR] |
bcl |
| 084 ## - OTRO NUMERO DE CLASIFICACION [R] |
| Número clasificador [R] |
17.98 |
| Fuente del número [NR] |
bcl |
| 084 ## - OTRO NUMERO DE CLASIFICACION [R] |
| Número clasificador [R] |
18.73 |
| Fuente del número [NR] |
bcl |
| 084 ## - OTRO NUMERO DE CLASIFICACION [R] |
| Número clasificador [R] |
BC 8300 |
| Fuente del número [NR] |
rvk |
| 084 ## - OTRO NUMERO DE CLASIFICACION [R] |
| Número clasificador [R] |
BC 8511 |
| Fuente del número [NR] |
rvk |
| 100 1# - ASIENTO PRINCIPAL--NOMBRE PERSONAL [NR] |
| Nombre personal [NR] |
Jacobsen, Thorkild |
| Fechas asociadas con el nombre [NR] |
1904-1993 |
| ID Autoridad |
97948 |
| 245 14 - MENCION DE TITULO [NR] |
| Título [NR] |
The treasures of darkness |
| Parte restante del título [NR] |
a history of Mesopotamian religion |
| Mención de responsabilidad, etc. [NR] |
Thorkild Jacobsen |
| 260 ## - PUBLICACION, DISTRIBUCION, ETC. (PIE DE IMPRENTA) [R] |
| Lugar de publicación, distribución, etc. [R] |
New Haven |
| Nombre del editor, distribuidor, etc. [R] |
Yale University Press |
| Fecha de publicación, distribución, etc. [R] |
[1976] |
| 300 ## - DESCRIPCION FISICA [R] |
| Extensión [R] |
273 páginas |
| 505 0# - NOTA DE CONTENIDO CON FORMATO PREESTABLECIDO [R] |
| Nota de contenido con formato preestablecido [NR] |
Ancient Mesopotamian religion : the terms -- Fourth millennium metaphors : the gods as providers--dying gods of fertility -- Third millennium metaphors : the gods as rulers--the cosmos a polity -- Third millennium metaphors : the gods as rulers--individual divine figures -- Second millennium metaphors : the gods as parents--rise of personal religion -- Second millennium metaphors : world origins and world order--the creation epic -- Second millennium metaphors : "and death the journey's end"--the Gilgamesh epic. |
| 520 8# - NOTA DE RESUMEN, ETC. [R] |
| Nota de sumario, etc. [NR] |
" ... No one can plausibly deny that the religious development of the peoples of Canaan (and indeed of all the ancient world around the eastern Mediterranean to the Indus river) were affected by the cultural and religious developments in Mesopotamia, the centre of the region, and a fertile region second to none known in the world, on a par with the Nile, around which another major civilization arose. This is a text of history of Mesopotamia in its own right. By the time history gets back this far, the lines become very blurred, rather like parallel lines intersecting on the horizon. Literature, religion, archaeology, sociology, psychology -- all of these disciplines become intertwined in Jacobsen's text as he looks at Sumerian society. The book is organized with an introduction, then according to time divisions of fourth, third, and second millennia, then concludes with an epilogue into the first millennium, during which the Bible as we know it (and most ancient history such as is commonly known occurred) came to be"--Amazon.com. |
| 546 ## - NOTA DE IDIOMA [R] |
| Nota de idioma [NR] |
Texto en inglés |
| 650 #7 - ASIENTO SECUNDARIO DE MATERIA - TERMINO TEMATICO [R] |
| Término temático o nombre geográfico como elemento de entrada [NR] |
Religión |
| 9 (RLIN) |
23497 |
| 650 #7 - ASIENTO SECUNDARIO DE MATERIA - TERMINO TEMATICO [R] |
| Término temático o nombre geográfico como elemento de entrada [NR] |
Civilización asirio-babilónica |
| 9 (RLIN) |
10969 |
| 651 #0 - ASIENTO SECUNDARIO DE MATERIA - NOMBRE GEOGRAFICO [R] |
| Nombre geográfico [NR] |
Iraq |
| Subdivisión general [R] |
Religión |
| 9 (RLIN) |
97949 |
| 651 #7 - ASIENTO SECUNDARIO DE MATERIA - NOMBRE GEOGRAFICO [R] |
| Nombre geográfico [NR] |
Iraq |
| Subdivisión general [R] |
Historia |
| 9 (RLIN) |
32741 |
| 651 #7 - ASIENTO SECUNDARIO DE MATERIA - NOMBRE GEOGRAFICO [R] |
| Nombre geográfico [NR] |
Mesopotamia |
| Subdivisión general [R] |
Aspectos religiosos |
| 9 (RLIN) |
97950 |
| 651 #7 - ASIENTO SECUNDARIO DE MATERIA - NOMBRE GEOGRAFICO [R] |
| Nombre geográfico [NR] |
Mesopotamia |
| Subdivisión general [R] |
Historia |
| 9 (RLIN) |
97951 |
| 942 ## - ELEMENTOS DE ENTRADA AGREGADOS (KOHA) |
| Sistema de clasificación |
DEWEY |
| Tema principal |
Ciencia política |
| Tipo de ítem principal el descrito en 300a |
Libro |
| Edición |
1 |
| Clasificación |
956.7 |
| Parte restante de la signatura top. |
J175t |